Catálogo
 En Linea

Rutas de España :. (Registro nro. 39273)

Detalles MARC
000 -CABECERA
campo de control de longitud fija 00531nam a2200145 a 4500
001 - NÚMERO DE CONTROL
campo de control 000039783
005 - FECHA Y HORA DE LA ÚLTIMA TRANSACCIÓN
campo de control 20201002033730.0
008 - DATOS DE LONGITUD FIJA--INFORMACIÓN GENERAL
campo de control de longitud fija 130719s1963 sp ac 000 0 spa d
040 ## - FUENTE DE LA CATALOGACIÓN
Centro catalogador/agencia de origen DO-SdBNP
Lengua de catalogación spa
Centro/agencia transcriptor BNPHU
100 1# - ENTRADA PRINCIPAL--NOMBRE DE PERSONA
Nombre de persona Marfredi Cano, Domingo
9 (RLIN) 65980
245 10 - MENCIÓN DE TÍTULO
Título Rutas de España :.
260 ## - PUBLICACIÓN, DISTRIBUCIÓN, ETC.
Lugar de publicación, distribución, etc. Madrid :
Nombre del editor, distribuidor, etc. publicaciones españolas,
Fecha de publicación, distribución, etc. 1963.
300 ## - DESCRIPCIÓN FÍSICA
Extensión 109 p. :
Otras características físicas il., retrs ;
Dimensiones 22 cm.
505 0# - NOTA DE CONTENIDO CON FORMATO
Información miscelánea Ruta no. 1 --
Título Málaga --
-- Granada --
-- Jaen --
-- Córdoba --
Información miscelánea Ruta no. 2 --
Título Sevilla --
-- Huelva --
-- Jerez de la frontera --
-- Cádiz
Existencias
Estado de retiro Estado de pérdida Restricciones de uso No para préstamo Código de colección Localización permanente Ubicación/localización actual Ubicación en estantería Fecha de adquisición Número de inventario Total de préstamos Signatura topográfica completa Código de barras Fecha visto por última vez Precio válido a partir de Tipo de ítem Koha
      Excluido de préstamo Monografías: Libros y Folletos General General En catalogación 19.07.2013 LF1   39783-10 25.06.2020 25.06.2020 No se presta
        Monografías: Libros y Folletos General General Orden iniciada 19.07.2013 LF1   39783-20 25.06.2020 25.06.2020 No se presta

Con tecnología Koha